<?xml version="1.0" encoding="UTF-8"?>
<collection xmlns="http://www.loc.gov/MARC21/slim">
<record>
  <controlfield tag="001">125630</controlfield>
  <controlfield tag="005">20230420124057.0</controlfield>
  <datafield tag="037" ind1=" " ind2=" ">
    <subfield code="a">TAZ-TFG-2022-1474</subfield>
  </datafield>
  <datafield tag="041" ind1=" " ind2=" ">
    <subfield code="a">spa</subfield>
  </datafield>
  <datafield tag="100" ind1="1" ind2=" ">
    <subfield code="a">Félix Gómez, María</subfield>
  </datafield>
  <datafield tag="242" ind1="0" ind2="0">
    <subfield code="a">International Marketing Plan for Turbo S.A.</subfield>
  </datafield>
  <datafield tag="245" ind1="0" ind2="0">
    <subfield code="a">Plan de Marketing Internacional para Turbo S.A.</subfield>
  </datafield>
  <datafield tag="260" ind1=" " ind2=" ">
    <subfield code="a">Zaragoza</subfield>
    <subfield code="b">Universidad de Zaragoza</subfield>
    <subfield code="c">2022</subfield>
  </datafield>
  <datafield tag="500" ind1=" " ind2=" ">
    <subfield code="a">Resumen disponible también en inglés.</subfield>
  </datafield>
  <datafield tag="506" ind1=" " ind2=" ">
    <subfield code="a">by-nc-sa</subfield>
    <subfield code="b">Creative Commons</subfield>
    <subfield code="c">3.0</subfield>
    <subfield code="u">http://creativecommons.org/licenses/by-nc-sa/3.0/</subfield>
  </datafield>
  <datafield tag="520" ind1=" " ind2=" ">
    <subfield code="a">El objetivo del proyecto radica en posibilitar la ejecución de un Plan de Marketing Internacional para la empresa fabricante y distribuidora de bañadores y material deportivo acuático, Turbo S.A.; para ello, se han elaborado los análisis pertinentes para tal finalidad. En primera instancia, se ofrece una introducción del proyecto, con sus correspondientes objetivos y la intencionalidad de llevarlo a cabo, con las razones de internacionalización.&lt;br />Una vez conocida la situación general, se ha desarrollado un análisis de situación, con el fin de obtener conclusiones derivadas del análisis DAFO a nivel interno; y a nivel externo, determinar los criterios pertinentes para la selección del mercado exterior: Australia; complementado con el necesario estudio de los principales factores del entorno, así como de los competidores, permitiendo escoger el método de entrada más apropiado y rentable, siendo éste la exportación indirecta. A continuación, se han diseñado las estrategias de Marketing Mix, adaptándolas al mercado internacional e incidiendo, principalmente, en la comunicación.&lt;br />Por último, se han estimado las ventas que se prevé que obtenga la empresa en el mercado de destino seleccionado, además de la rentabilidad económica del plan, ofreciendo medidas de control y una serie de conclusiones sobre el proyecto internacional planteado.&lt;br />&lt;br /></subfield>
  </datafield>
  <datafield tag="521" ind1=" " ind2=" ">
    <subfield code="a">Graduado en Marketing e Investigación de Mercados</subfield>
  </datafield>
  <datafield tag="540" ind1=" " ind2=" ">
    <subfield code="a">Derechos regulados por licencia Creative Commons</subfield>
  </datafield>
  <datafield tag="700" ind1=" " ind2=" ">
    <subfield code="a">Delso Aranaz, Mª Dolores</subfield>
    <subfield code="e">dir.</subfield>
  </datafield>
  <datafield tag="710" ind1="2" ind2=" ">
    <subfield code="a">Universidad de Zaragoza</subfield>
    <subfield code="b">Dirección de Márketing e Investigación de Mercados</subfield>
    <subfield code="c">Comercialización e Investigación de Mercados</subfield>
  </datafield>
  <datafield tag="856" ind1="0" ind2=" ">
    <subfield code="f">775897@unizar.es</subfield>
  </datafield>
  <datafield tag="856" ind1="4" ind2=" ">
    <subfield code="s">1022554</subfield>
    <subfield code="u">http://zaguan.unizar.es/record/125630/files/TAZ-TFG-2022-1474_ANE.pdf</subfield>
    <subfield code="y">Anexos (spa)</subfield>
  </datafield>
  <datafield tag="856" ind1="4" ind2=" ">
    <subfield code="s">2595002</subfield>
    <subfield code="u">http://zaguan.unizar.es/record/125630/files/TAZ-TFG-2022-1474.pdf</subfield>
    <subfield code="y">Memoria (spa)</subfield>
  </datafield>
  <datafield tag="909" ind1="C" ind2="O">
    <subfield code="o">oai:zaguan.unizar.es:125630</subfield>
    <subfield code="p">driver</subfield>
    <subfield code="p">trabajos-fin-grado</subfield>
  </datafield>
  <datafield tag="950" ind1=" " ind2=" ">
    <subfield code="a"></subfield>
  </datafield>
  <datafield tag="980" ind1=" " ind2=" ">
    <subfield code="a">TAZ</subfield>
    <subfield code="b">TFG</subfield>
    <subfield code="c">ECON</subfield>
  </datafield>
  <datafield tag="999" ind1=" " ind2=" ">
    <subfield code="a">20220616153207.CREATION_DATE</subfield>
  </datafield>
  <datafield tag="951" ind1=" " ind2=" ">
    <subfield code="a">deposita:2023-04-20</subfield>
  </datafield>
</record>
</collection>